Semiótica I
Guardado en:
| Hovedforfatter: | |
|---|---|
| Format: | Bog |
| Sprog: | Undetermined |
| Udgivet: |
Madrid, España
Editorial Fundamentos
1978
|
| Fag: | |
| Tags: |
Tilføj Tag
Ingen Tags, Vær først til at tagge denne postø!
|
MARC
| LEADER | 00000nam a2200000Ia 4500 | ||
|---|---|---|---|
| 008 | 170316s9999 xx 000 0 und d | ||
| 090 | |a 801 K-8s v.1 | ||
| 100 | |a Kristeva, Julia | ||
| 245 | |a Semiótica I | ||
| 260 | |a Madrid, España | ||
| 260 | |b Editorial Fundamentos | ||
| 260 | |c 1978 | ||
| 300 | |a 269 páginas | ||
| 650 | |a TEORÍA LITERARIA | ||
| 650 | |a SEMIÓTICA | ||
| 650 | |a LENGUAS | ||
| 999 | |c 20401 |d 20401 | ||
| 040 | |a cru BVZT | ||
| 942 | |c 15 D |h 801 K-8s v.1 |2 z | ||
